000 00909nac a22002897a 4500
001 BR7301413
003 BR-BrBNA
005 20240105113458.0
008 230509b bl.|||m| |||| 00| 0 por d
040 _aBR-BrBNA
_bpor
_cBiblioteca Nacional de Agricultura
072 _aP12
090 _a0150 BR7301413
100 1 _aGuimaraes, G.
100 1 _aBarreto, G.B.
100 1 _aIgue, T.
110 1 _aInstituto Agronomico, Campinas, SP (Brasil)
245 1 _aIrrigacao do arroz, 3: Manejo da agua para arroz semeado em varzea. Altura da camada de agua para a irrigacao
260 3 _aCampinas, SP (Brasil):
_c1974.
300 _a8 p.
490 _aBoletim Tecnico - Instituto Agronomico (Brazil)
_vno. 19
_x
500 _a19 ref.; Summaries (En, Pt)
650 _aDRENAGEM
650 _aIRRIGACAO
650 _aARROZ
909 _a202312
_bLúcia Elande
_c55
_dLúcia Elande
942 _2AGRIS
_n0
_cMS
999 _c263958
_d263958